Представление документа в формате MARC21

Поле Инд. ПП Название Значение
Тип записи a
Библиографический уровень b
001 Контрольный номер DU/530202553
005 Дата корректировки 20200601191508.7
008 Кодируемые данные 20161018
040 b Код языка каталог. rus
e Правила каталог. PSBO
041 0_ a Код языка текста rus
084 a Индекс другой классификации/Индекс ББК 60.524.126
100 1_ a Автор Гасанов Н. Н.
q Полное имя Гасанов Нариман Набиевич
245 10 a Заглавие Консолидация общества - императив времени
504 a Библиография Библиогр. ссылки
520 0_ a Аннотация Статья посвящена вопросам сплочения российского социума. В ней обосновывается актуализация рассматриваемой проблемы в свете стоящих перед страной масштабных задач, а также необходимость борьбы с новыми угрозами, возникшими в современном противоречивом мире
650 14 a Основная рубрика социология
653 a Ключевые слова внешняя политика
a Ключевые слова внутренняя политика
a Ключевые слова духовные ценности
a Ключевые слова духовный кризис
a Ключевые слова идеология
a Ключевые слова история
a Ключевые слова консолидация общества
a Ключевые слова общественное согласие
a Ключевые слова патриотизм
a Ключевые слова политика
a Ключевые слова российское общество
a Ключевые слова Россия
a Ключевые слова советский период
a Ключевые слова социальная дифференциация
a Ключевые слова социальная политика
a Ключевые слова социальное неравенство
a Ключевые слова терроризм
773 08 t Заглавие источника Социально-гуманитарные знания
d Дата издания источника 2016
g Прочая информация № 4. - С. 153 - 168
w Контрольный № источника DU/526413099
901 t Тип документа b